| 000 | 00937cab a2200277 4500 | ||
|---|---|---|---|
| 001 | WB3224-38 | ||
| 008 | 090401t1996 xxu||||| |||| 00| 0 eng d | ||
| 035 | _a(Sirsi) u34317 | ||
| 041 | _aeng | ||
| 245 | _aOut-of-town shops curb to revitalise high streets | ||
| 260 | _c1996 | ||
| 350 | _a0 | ||
| 490 |
_aDaily Telegraph _v21 June 1996, 16 |
||
| 490 |
_aDoE News Release _v(267) 20 June 1996, (5) |
||
| 520 | _aThe DoE has published planning guidance for councils concentrating large scale development on central sites for leisure and commercial property schemes rather than out of town. Aimed at revitalising the high street. | ||
| 650 | _aCITY CENTRES | ||
| 650 | _aPROPERTY-COMMERCIAL PROPERTY | ||
| 650 | _aDEVELOPMENT | ||
| 650 | _aHIGH STREETS | ||
| 650 | _aLEISURE PROPERTIES | ||
| 650 | _aOUT OF TOWN | ||
| 650 | _aTOWN CENTRES | ||
| 690 | _aPLANNING LAW AND PRACTICE | ||
| 942 | _n0 | ||
| 948 | _c04/03/1997 | ||
| 999 |
_c22749 _d22749 |
||